Quizzes
Events
Quiz Creation
Community
Videos
Private Events
Remove Ads
Sign In
Join for FREE
Feedback
Dark Mode
Quiz Categories
Sports
Geography
Music
Movies
Television
Just For Fun
Miscellaneous
History
Literature
Language
Science
Gaming
Entertainment
Religion
Holiday
For Kids
Quiz Lab
Recent
Popular Today
Quiz Kudos Today
Editor Picks
Curator Picks
Quizzes by...
Day
Popularity
Type
Ratings
Length
Year
Community
Subscriptions
Recent Discussions
Orange Saloon
Badges
Playlists
Quests
Create
Leaderboards
Showdown
Live 5
Trivia Bingo
Activity
Puzzle Library
Sporcle Events
Private Events
Virtual Trivia
Globe League
Become a Host
Pub Owners
SporcleCon
Opinionation
Our Games
Videos
Blog
Mobile Apps
Partnerships
Remove Ads and Go Orange
Feedback
Science
Computer
Plants
Astronomy
Chemistry
Elements
Math
Animal
Physics
Anatomy
Biology
Geology
General Science
Science
Computer
Plants
Astronomy
Chemistry
Elements
Math
Animal
Physics
Anatomy
Biology
Geology
General Science
Random Quiz
Search Sporcle
×
Quiz Lab
Quiz Lab
Science
World
Type in answers that appear in a list
Type in answers that appear in a list
Classic
Best Score? Go Orange.
Birds of the World Orders Stats
Can you name the Birds of the World Orders?
By
kal_512
10m
22 Questions
70 Plays
70 Plays
70 Plays
Comments
Comments
Give Quiz Kudos
Give Quiz Kudos
-
- Ratings
hide this ad
Replay
Link that replays current quiz
Next Quiz
Link to next quiz in quiz playlist
You Got
0%
They Got
Avg Score
62%
Avg Friend Score
Upgrade to see
Score Distribution
Jump to the score distribution portion of the page
Score
0/22
Timer
10:00
0
Plays Today
Bird description
Order
% Correct
Pidgeons & doves
columbiformes
87.1%
waterfoul (ducks)
anseriformes
82.9%
Loons
gaviiformes
80%
Cranes & allies
gruiformes
78.6%
Owls
strigiformes
77.1%
foul-
like birds
galliformes
75.7%
Raptors
falconiformes
75.7%
Pelecans
pelecaniformes
74.3%
Cuckoos
cuculiformes
71.4%
parrots
psittaciformes
67.1%
Hummingbirds
apodiformes
67.1%
Bird description
Order
% Correct
Tinamous
tinamiformes
64.3%
Criptic Birds (night jars and allies)
caprimulgiformes
60%
Flightless birds
struthioniformes
55.7%
tube-
nosed seabirds
procellariiformes
54.3%
Shorebirds
charadriformes
54.3%
Greebs
podicipediformes
52.9%
Flamingoes
phoenicopteriformes
51.4%
long-
legged, long necked wadders
ciconiiformes
50%
turacoes plantain eaters
musophagiformes
37.1%
Mousebirds (from africa)
coliiformes
34.3%
Hoatizin
opisthocomiformes
27.1%
Quiz Playlist
Details
Report
Send in Message
Add To Playlist
Classic:
Type in answers that appear in a list
Last Updated: Feb 16, 2017
Quiz Scoreboard
CHALLENGE
Sign Up to Join the Scoreboard
Show All
Scores
Hide
Comments
May contain spoilers
Recently Published
An Introduction to Baseball
by treessimontrees
Sports
5m
Movies - When Are They Set?
by FPL_Elf
Movies
5m
Popular People in 1961
by mucciniale
History
6m
More to Explore
Quiz From the Vault
Featured Blog Post
Where Did the Easter Bunny Come From?
hide this ad
You Might Also Like...
Tags
World Quiz
bird
description
Order
Today's Top Quizzes in Science
Browse Science
hide this ad
Today's Top Quizzes in World
Browse World
Top Contributed Quizzes in Science
1
Quick Pick: 'CI-CJ' Animals
2
Quick Pick: Radians
3
Elements In Images
4
One Thing in Common: Science
5
One Thing in Common: Science III
6
Count to 60
7
One Thing in Common: Science II
8
One Thing in Common: Animals
9
Square Numbers Scrambled (1-50)
10
Order Up: Organs and Body Systems
Explore More
Trending Topics
Crossword
Anime
Harry Potter
Disney
NBA
Marvel
Kpop
Soccer
Puzzle
WWE
NFL
Pokémon
Country
Song
The Office
hide this ad
More By:
kal_512
Quiz
Plays
Rating
Category
Featured
Created
Birds of the World Orders
70
2.17
Science
Dec 12, 2009
Go to Creator's Profile
Score Distribution
Quiz Creator Spotlight
kal_512
Follow
Send a Message
Quizzes Created
-
Created Quiz Play Count
-
More By This Creator
Popular Quizzes Today
1
Find the Countries of Europe - No Outlines Minefield
2
Find the US States - No Outlines Minefield
3
The Countries of the World
4
Popular People in 1961
5
Find the US States
6
US States
7
1-10 Letter E Words III
8
Risky Map Clicking: Biggest States A-Z
More Science Quizzes
Clickable Begins and Ends: Scientists
Editor's Pick
Trending Quizzes
Risky Map Clicking: Least Populous States A-Z
1-10 Letter F Words
1-10 Letter G Words
Not Quite an Element Typing Challenge
One Thing in Common: United Kingdom
Recently Updated
Leaping Animals
pecheneg
Reality TV Shows (A-Z)
bhenderson79
Rickey Henderson's Hall of Fame Teammates
pecheneg
Champions League XIs: Arsenal
pecheneg
Quick Pick: Celebrities in WWE's Hall of Fame
aduchscher
A-Z Keypad Blitz II
pecheneg
Multiple Oscar Actors
pecheneg
Mystery Phrase Blitz: Oscar 'Best Actors'
pecheneg
F. Scott Fitzgerald Novels
LTH
Pick 3 Villains
ddd62291
Trending Topics
Disney
Marvel
Kpop
Crossword
Harry Potter
Anime
NBA
NFL
The Office
WWE
Country
Song
Soccer
Puzzle
Pokémon
Your Account Isn't Verified!
In order to create a playlist on Sporcle, you need to verify the email address you used during registration. Go to your
Sporcle Settings
to finish the process.
Report this User
Report this user for behavior that violates our
Community Guidelines
.
Details:
Send Report
Go to the Sporcle.com Mobile Site →
Comments